| 000 | 00414nam a22001337a 4500 | ||
|---|---|---|---|
| 003 | OSt | ||
| 082 | _a630 | ||
| 088 | _aP546 | ||
| 100 |
_aANU MOHAN, S _a HASHIFA, P _aMUHAMMED MISBAH, P _aNAJA RAHMAN, K _95345 |
||
| 245 | _aPERFORMANCE EVALUATION OF RAINHOSE IRRIGATION SYSTEM | ||
| 260 |
_aThavanur _KKelappaji College of Agricultural Engineering and Technology _c2022 |
||
| 700 |
_aDr Sajeena S _95346 |
||
| 942 | _cPR | ||
| 999 |
_c17602 _d17602 |
||